[Event "Tarrega Tardor op 1st"]
[Site "Tarrega"]
[Date "2015.10.30"]
[Round "5"]
[White "Prats Argerich, Rossend"]
[Black "Coria Gonzalez, Pedro"]
[Result "0-1"]
[WhiteElo "1711"]
[BlackElo "1880"]
[PlyCount "72"]
[EventDate "2015.10.02"]
[EventType "swiss"]
[EventRounds "8"]
[EventCountry "ESP"]
[SourceTitle "CBM 169 Extra"]
[Source "ChessBase"]
[SourceDate "2015.12.18"]
[SourceVersion "1"]
[SourceVersionDate "2015.12.18"]
[SourceQuality "1"]

1. c4 e5 2. g3 d5 3. cxd5 Qxd5 4. Nf3 e4 5. Nc3 Qc6 6. Nd4 Qd7 7. e3 f5 8. Bc4 Nc6 9. Nde2 Nf6 10. 0-0 Ne5 11. Qb3 Nxc4 12. Qxc4 g5 13. b3 h5 14. Bb2 Rh6 15. Qa4 c6 16. Qd4 Bd6 17. f4 g4 18. Na4 b6 19. Nec3 Ba6 20. Rfc1 c5 21. Qxf6 Rxf6 22. Nd5 Rh6 23. Nf6+ Rxf6 24. Bxf6 Kf7 25. Be5 Bxe5 26. fxe5 Qxd2 27. Rd1 Qxe3+ 28. Kh1 Ke7 29. Re1 Qf3+ 30. Kg1 Rd8 31. Nc3 Qxc3 32. Rac1 Qf3 33. Rc2 Rd1 34. Rxd1 Qxd1+ 35. Kf2 Qxc2+ 36. Ke1 Qe2# 0-1

[Event "Tarrega Tardor op 1st"]
[Site "Tarrega"]
[Date "2015.10.16"]
[Round "3"]
[White "Prats Argerich, Rossend"]
[Black "Angles Roca, Joel"]
[Result "0-1"]
[WhiteElo "1711"]
[BlackElo "1554"]
[PlyCount "122"]
[EventDate "2015.10.02"]
[EventType "swiss"]
[EventRounds "8"]
[EventCountry "ESP"]
[SourceTitle "CBM 169 Extra"]
[Source "ChessBase"]
[SourceDate "2015.12.18"]
[SourceVersion "1"]
[SourceVersionDate "2015.12.18"]
[SourceQuality "1"]

1. d4 d5 2. Nc3 Nf6 3. Nf3 Nbd7 4. Bg5 e6 5. e3 Be7 6. Bb5 0-0 7. 0-0 h6 8. Bf4 c5 9. Ne5 a6 10. Bxd7 Bxd7 11. Qf3 Qb6 12. dxc5 Qxb2 13. Ne2 Qxc2 14. Rfc1 Qa4 15. Nxd7 Qxd7 16. Qg3 Nh5 17. Qg4 Nxf4 18. Nxf4 Rac8 19. Nd3 Qb5 20. Qd4 Bf6 21. Ne5 Rc7 22. f4 Rfc8 23. Rab1 Bxe5 24. fxe5 Qa5 25. Rc2 Rxc5 26. Rxc5 Rxc5 27. h3 Rc4 28. Qd3 b5 29. a3 Qc3 30. Qxc3 Rxc3 31. Ra1 Rxe3 32. a4 b4 33. Rb1 a5 34. Kf2 Ra3 35. Ke2 Rxa4 36. Kd2 Ra2+ 37. Kc1 Rxg2 38. h4 Rg1+ 39. Kb2 Rxb1+ 40. Kxb1 f6 41. exf6 gxf6 42. Kb2 Kg7 43. Kc2 Kg6 44. Kc1 e5 45. Kc2 f5 46. Kd1 f4 47. Kd2 Kf5 48. Kd3 b3 49. Kc3 f3 50. Kxb3 f2 51. Kc3 f1Q 52. h5 Qc4+ 53. Kd2 Qb3 54. Ke2 Qc3 55. Kf2 Qd3 56. Kg2 Qe3 57. Kf1 Qd2 58. Kg1 Qe2 59. Kh1 Kg4 60. Kg1 Kg3 61. Kh1 Qh2# 0-1

[Event "Tarrega Tardor op 1st"]
[Site "Tarrega"]
[Date "2015.10.02"]
[Round "1"]
[White "Prats Argerich, Rossend"]
[Black "Sole Pijuan, Ferran"]
[Result "0-1"]
[WhiteElo "1711"]
[BlackElo "2088"]
[PlyCount "70"]
[EventDate "2015.10.02"]
[EventType "swiss"]
[EventRounds "8"]
[EventCountry "ESP"]
[SourceTitle "CBM 169 Extra"]
[Source "ChessBase"]
[SourceDate "2015.12.18"]
[SourceVersion "1"]
[SourceVersionDate "2015.12.18"]
[SourceQuality "1"]

1. d4 d5 2. Nc3 Nf6 3. Nf3 Bf5 4. Bf4 c6 5. e3 Nbd7 6. Be2 e6 7. 0-0 Be7 8. h3 0-0 9. Be5 Nxe5 10. Nxe5 c5 11. dxc5 Bxc5 12. Bf3 Rc8 13. Nb5 Qb6 14. Qe2 a6 15. Nc3 Qxb2 16. Nd1 Qxa1 17. Ng4 Bxg4 18. Bxg4 Nxg4 19. Qxg4 Qxa2 20. Qe2 Ba7 21. e4 Rxc2 22. Qe3 Bxe3 23. Nxe3 d4 24. Nxc2 Qxc2 25. e5 d3 26. Kh2 d2 27. f3 d1Q 28. Rxd1 Qxd1 29. Kg3 f5 30. Kf4 Qd4+ 31. Kg3 Qxe5+ 32. Kf2 Rc8 33. h4 Rc2+ 34. Kg1 Qg3 35. Kh1 Rc1# 0-1